000 02482cam a2200457 4500
001 2130
003 DO-SdBNP
005 20221110093742.0
007 2130
008 100215s2010 sp |||| 001 0 spa
015 _a
017 _a
_b
020 _a9788430606863
035 _a
040 _aBPMSU
_bspa
_cBPMSU
_e
080 _a
082 _a323.42
_bS474i 2010
_222
092 _2
100 1 _aSen, Amartya
_d1933-
240 1 4 _aThe idea of justice /
_lEspañol
245 1 3 _aLa idea de la justicia /
_cAmartya Sen ; traducción de Hernando Valencia Villa
_h
260 _aMadrid :
_bTaurus,
_c 2010.
_b
300 _a499 p. ;
_c24 cm
490 0 _a Pensamiento
500 _a
504 _aIncluye bibliográfia e índice.
520 _a¿Es la justicia social un ideal fuera del alcance o una posibilidad real? Más allá del discurso intelectual, la idea de la justicia desempeña un importante papel en la vida. El autor ofrece una alternativa a las teorías convencionales de la justicia, que a pesar de sus muchos logros hace tiempo que dejaron atrás las realidades prácticas. Desde la Ilustración, las teorías dominantes han tendido a ocuparse de identificar las disposiciones sociales perfectamente justas y definir la naturaleza de la sociedad perfecta. El autor, entregado a la reducción de la injusticia, centra su enfoque en los juicios comparativos de IQ que es más o menos justo y en evaluar los méritos de ciertas instituciones e interacciones sociales. En el núcleo de su reflexión subyace el respeto por las diferentes percepciones de la sociedad justa. Muy distintas convicciones pueden ofrecer soluciones claras, directas y defendibles. La perspectiva del autor, uno de los pensadores más influyentes de esta era, hace uso de esa pluralidad con el fin de construir una teoría de la justicia para el mundo moderno, capaz de absorber distintos puntos de vista y resolver las cuestiones de injusticia global.
534 _aTítulo original :
_t The idea of justice.
590 _6Inventariado, 2022/VM
600 1 4 _aRawls, John,
_d 1921-2002
_xCrítica e interpretación
650 4 _aDerechos civiles.
650 4 _aJusticia social.
_2
650 4 _aIgualdad.
650 4 _aReconocimiento (Filosofía)
650 4 _aFilosofía de la libertad.
650 4 _aÉtica
700 _aValencia Villa, Hernando,
_d 1949-,
_etr.
830 _aPensamiento
910 _aVMateo V. /Validado
942 _2ddc
_cBK
999 _c11103
_d11103